[Event "Tseshkovsky Mem 2014"]
[Site "Sochi RUS"]
[Date "2014.09.21"]
[Round "5.31"]
[White "Bakunts, Rafael"]
[Black "Lingur, Zalina"]
[Result "1-0"]
[WhiteElo "2237"]
[BlackElo "2035"]
[WhiteFideId "13304097"]
[BlackFideId "34165670"]
[EventDate "2014.09.17"]

1. e4 c5 2. Nf3 d6 3. d4 cxd4 4. Nxd4 Nf6 5. Nc3 a6 6. g3 e5 7. Nb3 Be7 8. Bg2
Be6 9. O-O O-O 10. Re1 Nbd7 11. a4 Qc7 12. Nd2 Rfc8 13. Nf1 Nb6 14. Ne3 h6 15.
Qf3 Qc5 16. Nf5 Bxf5 17. Qxf5 Rc7 18. a5 Nc4 19. Bf1 Qb4 20. Ra4 Qxa4 21. Nxa4
Nxa5 22. Nb6 Rb8 23. Bd2 Nc6 24. c3 Nd8 25. Nd5 Nxd5 26. exd5 b5 27. Ra1 Ra7 28.
Be3 Raa8 29. Bd3 g6 30. Qh3 h5 31. f4 Nb7 32. f5 g5 33. f6 Bxf6 34. Rf1 Bg7 35.
Bxg5 Nc5 36. Bh7+ Kxh7 37. Qxh5+ Kg8 38. Qxf7+ Kh7 39. Rf6 Rf8 40. Rh6# 1-0

[Event "Tseshkovsky Mem 2014"]
[Site "Sochi RUS"]
[Date "2014.09.21"]
[Round "5.32"]
[White "Borisov, Sergey"]
[Black "Gutkis, Vladimir"]
[Result "1/2-1/2"]
[BlackTitle "FM"]
[WhiteElo "2014"]
[BlackElo "2224"]
[WhiteFideId "4169301"]
[BlackFideId "4173325"]
[EventDate "2014.09.17"]

1. Nf3 d5 2. d4 c6 3. c4 e6 4. e3 Nd7 5. Bd3 f5 6. O-O Bd6 7. b3 Qf6 8. Ba3 Bb8
9. Nc3 Nh6 10. Qc2 Kf7 11. Rae1 Re8 12. Nd2 Kg8 13. f4 Qd8 14. Nf3 Nf6 15. Ne5
Ne4 16. Nxe4 fxe4 17. Be2 Nf5 18. Bg4 Nd6 19. g3 Rf8 20. Rc1 Rf6 21. Rf2 Bd7 22.
Nxd7 Qxd7 23. cxd5 cxd5 24. Qc5 Qe8 25. Rfc2 h5 26. Bh3 Qg6 27. Qa5 Rf8 28. Bb4
Re8 29. Qa3 Rd8 30. Ba5 Rf8 31. Qa4 b5 32. Qa3 h4 33. Bb4 Rd8 34. Qa5 Re8 35.
Qa6 Rd8 36. Bxd6 Bxd6 37. Rc8 Raxc8 38. Rxc8 Rxc8 39. Qxc8+ Kf7 40. Qd7+ Be7 41.
f5 Qh6 42. Qxe6+ Qxe6 43. fxe6+ Ke8 44. Bf1 a6 45. a4 Bg5 46. Kf2 hxg3+ 47. hxg3
bxa4 48. bxa4 a5 49. Bb5+ Ke7 50. Bd7 Kd6 1/2-1/2

[Event "Tseshkovsky Mem 2014"]
[Site "Sochi RUS"]
[Date "2014.09.21"]
[Round "5.33"]
[White "Kondenko, Alexey"]
[Black "Bimiev, Ahmad"]
[Result "1-0"]
[WhiteElo "2218"]
[BlackElo "1998"]
[WhiteFideId "4117255"]
[BlackFideId "24102938"]
[EventDate "2014.09.17"]

1. e4 e5 2. Bc4 Nf6 3. d3 Nc6 4. Nf3 Be7 5. O-O O-O 6. Nbd2 d6 7. a4 h6 8. a5 a6
9. c3 b5 10. axb6 cxb6 11. Re1 Qc7 12. Nf1 Re8 13. Ne3 Bf8 14. Nh4 Kh7 15. Qf3
Ra7 16. Nhf5 b5 17. Ba2 Qd8 18. Nd5 Nxd5 19. Bxd5 Nb8 20. Be3 Rd7 21. d4 Bb7 22.
Bxb7 Rxb7 23. d5 g6 24. Ng3 Bg7 25. Nf1 Rf8 26. g4 Qc8 27. Ng3 Qc4 28. Qe2 Bf6
29. Qxc4 bxc4 30. Ra4 Rc8 31. Re2 Bg5 32. Nf1 Kg7 33. Kg2 Kf6 34. Kg3 Ke7 35. h4
Bxe3 36. Nxe3 Rbc7 37. f4 exf4+ 38. Kxf4 Rc5 39. Rd2 Nd7 40. Rxa6 Ne5 41. Kg3
Rb8 42. Ra7+ Kd8 43. h5 Rc7 44. Rxc7 Kxc7 45. hxg6 fxg6 46. Rd4 Rxb2 47. Nxc4
Nxc4 48. Rxc4+ Kd7 49. Rc6 Rd2 50. c4 Rc2 51. Kf4 h5 52. gxh5 gxh5 53. e5 dxe5+
54. Kxe5 h4 55. Kd4 h3 56. Rh6 h2 57. Kd3 Rg2 58. c5 Kd8 59. Rh7 Kc8 60. Kc4 Rd2
61. c6 Rc2+ 62. Kb5 Rb2+ 63. Kc5 Rc2+ 64. Kd6 Kb8 65. Kd7 Ka7 66. d6 Kb6 67. c7
Kb7 68. Rh8 1-0

[Event "Tseshkovsky Mem 2014"]
[Site "Sochi RUS"]
[Date "2014.09.21"]
[Round "5.34"]
[White "Puchko, Nikolay"]
[Black "Travkina, Anastasia"]
[Result "0-1"]
[BlackTitle "WFM"]
[WhiteElo "1885"]
[BlackElo "2208"]
[WhiteFideId "24176214"]
[BlackFideId "24129151"]
[EventDate "2014.09.17"]

1. e4 c5 2. Nf3 d6 3. d4 cxd4 4. Nxd4 Nf6 5. Nc3 Nc6 6. Be3 Ng4 7. Bc1 Qb6 8.
Bb5 Bd7 9. Bxc6 bxc6 10. h3 Nxf2 11. Kxf2 e5 12. Be3 exd4 13. Qxd4 Qa5 14. Bd2
Qh5 15. Bf4 Rd8 16. Qxa7 Be7 17. Rad1 O-O 18. g4 Qg6 19. Qa5 f5 20. gxf5 Bxf5
21. Rhg1 Qe6 22. exf5 Rxf5 23. Qa4 Rdf8 24. Ne2 Re5 25. Rd2 Bh4+ 26. Rg3 Qxh3
27. Qb3+ Kh8 28. Kg1 Bxg3 29. Qxg3 Qxg3+ 30. Bxg3 Rg5 31. Rxd6 h5 32. Kh2 Re8
33. Rd2 Rg4 34. Kh3 Re3 35. b3 c5 36. c3 Ree4 37. Ng1 h4 38. Rg2 Rxg3+ 39. Rxg3
hxg3 40. c4 Re1 41. Nf3 Ra1 42. Ne5 Rxa2 43. Nd3 g2 44. Kh2 Kh7 45. Nxc5 Rb2 46.
Ne4 Rxb3 47. Kxg2 Re3 48. Nd6 Rc3 49. Kf2 Kg8 50. Ke2 Kf8 51. Kd2 Rh3 52. Ne4
Ke7 53. Nf2 Rf3 54. Ne4 Kd7 55. Ke2 Ra3 56. Kd2 Ke6 57. Nc3 g5 0-1

[Event "Tseshkovsky Mem 2014"]
[Site "Sochi RUS"]
[Date "2014.09.21"]
[Round "5.35"]
[White "Birjukov, Sergey"]
[Black "Karapetian, Albert"]
[Result "1-0"]
[WhiteTitle "FM"]
[WhiteElo "2175"]
[BlackElo "1967"]
[WhiteFideId "4106555"]
[BlackFideId "24156698"]
[EventDate "2014.09.17"]

1. d4 e6 2. c4 f5 3. Nf3 Nf6 4. g3 d5 5. Bg2 c6 6. O-O Bd6 7. Nc3 Nbd7 8. c5 Bc7
9. Bf4 O-O 10. b4 h6 11. Qc2 Ne4 12. e3 g5 13. Bxc7 Qxc7 14. Rab1 e5 15. Ne2 Kg7
16. Qb2 Re8 17. a4 Nef6 18. h4 Kg6 19. dxe5 Nxe5 20. Nxe5+ Qxe5 21. hxg5 hxg5
22. Qxe5 Rxe5 23. b5 Re7 24. Nd4 Rc7 25. Rfc1 Ne4 26. a5 Bd7 27. a6 bxa6 28.
bxa6 Bc8 29. g4 fxg4 30. Bf1 Kf6 31. Rb2 Bd7 32. Kg2 Rh8 33. Rb7 Rxb7 34. axb7
Rb8 35. Ba6 Kg7 36. Nb3 Rf8 37. Rc2 Kf6 38. Ra2 Rb8 39. Rc2 Ke5 40. Na5 Rh8 41.
Bd3 g3 42. Bxe4 Kxe4 43. Kxg3 Kd3 44. Rc1 1-0

[Event "Tseshkovsky Mem 2014"]
[Site "Sochi RUS"]
[Date "2014.09.21"]
[Round "5.37"]
[White "Abrosimov, Nikolay"]
[Black "Kalinin, Nikita"]
[Result "0-1"]
[WhiteElo "1877"]
[BlackElo "2149"]
[WhiteFideId "4169476"]
[BlackFideId "24155390"]
[EventDate "2014.09.17"]

1. c4 e5 2. Nc3 f5 3. g3 Nf6 4. Bg2 g6 5. d3 Bg7 6. Nf3 Nc6 7. O-O O-O 8. e3 Kh8
9. Rb1 d6 10. b4 a6 11. Qb3 Be6 12. Ng5 Bg8 13. Qc2 h6 14. Nh3 d5 15. cxd5 Nxd5
16. Nxd5 Bxd5 17. f3 Qe7 18. a3 Rfd8 19. Nf2 a5 20. b5 Na7 21. a4 Nc8 22. e4 Be6
23. Be3 Qf7 24. Nd1 Nb6 25. Nc3 Rd7 26. Rfd1 Rad8 27. Rd2 f4 28. Bf2 Nc4 29. d4
Nxd2 30. d5 Nxb1 31. dxe6 Qxe6 32. Qxb1 Qc4 33. Nd5 c6 34. bxc6 bxc6 35. Bf1
Qxa4 36. Nb6 Rd1 37. Qb2 Qb5 38. Qxb5 cxb5 39. Nd5 b4 40. Bb6 R8xd5 41. exd5 b3 0-1

[Event "Tseshkovsky Mem 2014"]
[Site "Sochi RUS"]
[Date "2014.09.21"]
[Round "5.40"]
[White "Mednikov, Gennadiy"]
[Black "Krapivin, Vladimir"]
[Result "1-0"]
[WhiteElo "2117"]
[BlackElo "1894"]
[WhiteFideId "4150775"]
[BlackFideId "24187232"]
[EventDate "2014.09.17"]

1. d4 Nf6 2. Bf4 g6 3. Nf3 Bg7 4. e3 d5 5. h3 O-O 6. Nbd2 b6 7. c3 Bb7 8. Bd3
Nbd7 9. O-O Ne4 10. Qe2 c5 11. Ba6 Qc8 12. Bxb7 Qxb7 13. Nxe4 dxe4 14. Nd2 Rac8
15. f3 exf3 16. Qxf3 Qxf3 17. Nxf3 Nf6 18. Rae1 Ne4 19. Ng5 Nxg5 20. Bxg5 Rfe8
21. Rd1 cxd4 22. exd4 Rc7 23. Rfe1 Kf8 24. Re4 Rd7 25. Rde1 e6 26. Bf4 Red8 27.
Bg5 Rc8 28. Rf1 Kg8 29. Bf6 Bxf6 30. Rxf6 Kg7 31. Rf3 Rd5 32. Kf2 h5 33. Ke3 Rg5
34. g3 Rc7 35. Kd3 a6 36. c4 Ra5 37. a3 Ra4 38. d5 exd5 39. cxd5 Rxe4 40. Kxe4
f6 41. d6 Rc8 42. Kd5 Kf7 43. Rc3 Rxc3 44. bxc3 Ke8 45. Ke6 f5 46. h4 Kd8 47. d7
b5 48. Kd6 a5 49. Ke6 a4 50. Kd6 1-0

[Event "Tseshkovsky Mem 2014"]
[Site "Sochi RUS"]
[Date "2014.09.21"]
[Round "5.41"]
[White "Gasparyan, Daniel"]
[Black "Kirillov, Nikolay"]
[Result "0-1"]
[WhiteElo "1820"]
[BlackElo "2087"]
[WhiteFideId "34197874"]
[BlackFideId "24133850"]
[EventDate "2014.09.17"]

1. d4 Nf6 2. e3 d5 3. Bd3 Bg4 4. Ne2 e6 5. O-O Bd6 6. h3 Bh5 7. f4 Ne4 8. Bxe4
dxe4 9. c4 c6 10. Nd2 f5 11. a3 Qe7 12. c5 Bc7 13. b4 Nd7 14. Bb2 Nf6 15. Qe1
Nd5 16. Nc3 O-O 17. Nxd5 exd5 18. a4 g5 19. Qg3 h6 20. h4 Kh7 21. hxg5 hxg5 22.
Qxg5 Qxg5 23. fxg5 Kg6 24. Rfe1 Bg3 25. Rec1 Be2 26. Nf1 Bh4 27. g3 Bxg5 28. Kf2
Bd3 29. Nd2 Rh8 30. Rh1 Kf6 31. a5 Rae8 32. Bc3 f4 33. gxf4 Bh4+ 34. Kg2 Kf5 35.
Rh2 Reg8+ 36. Kh1 Bf2 37. Rxh8 Rxh8+ 38. Kg2 Bxe3 39. Nf1 Rg8+ 40. Ng3+ Kxf4 0-1

[Event "Tseshkovsky Mem 2014"]
[Site "Sochi RUS"]
[Date "2014.09.21"]
[Round "5.42"]
[White "Zhukov, Viktor I.1"]
[Black "Zlydneva, Daria"]
[Result "1/2-1/2"]
[WhiteElo "2084"]
[BlackElo "1799"]
[WhiteFideId "4136195"]
[BlackFideId "24102709"]
[EventDate "2014.09.17"]

1. e4 c5 2. Nf3 d6 3. d4 Nf6 4. Nc3 cxd4 5. Nxd4 a6 6. Bc4 e6 7. Bb3 Nbd7 8. O-O
Nc5 9. f4 Be7 10. f5 e5 11. Nde2 O-O 12. Ng3 b5 13. Nd5 Nxb3 14. Nxe7+ Qxe7 15.
axb3 h6 16. c4 Bb7 17. Qd3 Rfc8 18. Bd2 Qc7 19. Rac1 Qc5+ 20. Be3 Qb4 21. h3
bxc4 22. bxc4 a5 23. Rfd1 Rc6 24. Bd2 Qc5+ 25. Be3 Qb4 1/2-1/2

[Event "Tseshkovsky Mem 2014"]
[Site "Sochi RUS"]
[Date "2014.09.21"]
[Round "5.43"]
[White "Kiriushin, Vladimir"]
[Black "Nikolaev, Valerij"]
[Result "1-0"]
[WhiteElo "2080"]
[BlackElo "1789"]
[WhiteFideId "4150848"]
[BlackFideId "24159484"]
[EventDate "2014.09.17"]

1. c4 e5 2. Nc3 Nf6 3. g3 d6 4. Bg2 c6 5. d4 Nbd7 6. e3 Be7 7. Nge2 O-O 8. O-O
Qc7 9. a4 a5 10. b3 Re8 11. Bb2 Nf8 12. Qc2 Be6 13. Rac1 Rac8 14. e4 g6 15. Kh1
Nh5 16. Nd1 Qd7 17. dxe5 Bh3 18. exd6 Bxg2+ 19. Kxg2 Bxd6 20. Ne3 Ne6 21. Qc3 f6
22. Rcd1 Qc7 23. Ng4 Rf8 24. f4 Bb4 25. Qf3 Rcd8 26. Nc1 Nc5 27. Rxd8 Qxd8 28.
Rd1 Qe7 29. Nf2 Ng7 30. h4 Ne8 31. e5 fxe5 32. Bxe5 Ne6 33. Ng4 h5 34. Nf2 Nf6
35. Ncd3 Rd8 36. Nxb4 Rxd1 37. Nxc6 Qd7 38. Nxd1 Ng4 39. Qd5 Qxc6 40. Qxc6 bxc6
41. Bc3 Nc5 42. Bxa5 Nxb3 43. Bb6 Nf6 44. Ne3 Nd7 45. a5 Kf7 46. f5 c5 47. fxg6+
Kxg6 48. Bc7 Nd4 49. a6 Nc6 50. Nd5 Kf7 51. Nb6 Ke6 52. Nxd7 Kxd7 53. Bb6 Kc8
54. Bxc5 Ne5 55. Bd6 Nxc4 56. Bf4 Nb6 57. Kf3 Nd7 58. Bd6 Nb6 59. Ke4 Kd7 60.
Bc5 Na8 61. Kf5 Kc6 62. Be3 Kb5 63. a7 Ka6 64. Kg5 Kb7 65. Kxh5 1-0

[Event "Tseshkovsky Mem 2014"]
[Site "Sochi RUS"]
[Date "2014.09.21"]
[Round "5.44"]
[White "Skripnikov, Velori"]
[Black "Airapetian, Eduard"]
[Result "0-1"]
[WhiteElo "1799"]
[BlackElo "2041"]
[WhiteFideId "24153478"]
[BlackFideId "24171786"]
[EventDate "2014.09.17"]

1. e4 c5 2. Nc3 g6 3. g3 Bg7 4. Bg2 Nc6 5. d3 e6 6. f4 Nge7 7. e5 d6 8. exd6
Qxd6 9. Ne4 Qc7 10. c3 b6 11. Nf3 Bb7 12. Qe2 h6 13. Be3 Nd5 14. Bd2 Rd8 15. Nf2
O-O 16. O-O Rfe8 17. Qd1 Rd7 18. Qc2 Red8 19. Rfe1 Kh7 20. Rad1 Re7 21. a3 f5
22. c4 Nd4 23. Nxd4 cxd4 24. Qb3 Nf6 25. Bxb7 Qxb7 26. Bb4 Ree8 27. Re2 Qc6 28.
Rde1 a5 29. Bd2 Nd7 30. Qd1 a4 31. b4 axb3 32. Qxb3 Kg8 33. a4 Kf7 34. Qb5 Qxb5
35. axb5 Ra8 36. Bb4 Bf8 37. Bxf8 Nxf8 38. Kg2 Nd7 39. Nh3 Ra3 40. Rd1 Nc5 41.
Red2 Rea8 42. Ng1 Ra2 43. Kh3 g5 44. Ne2 Nb3 45. Rxa2 Rxa2 46. Re1 Nc5 0-1

[Event "Tseshkovsky Mem 2014"]
[Site "Sochi RUS"]
[Date "2014.09.21"]
[Round "5.45"]
[White "Airapetian, Valentin"]
[Black "Kudrin, Oleg"]
[Result "0-1"]
[WhiteElo "1798"]
[BlackElo "2022"]
[WhiteFideId "4188560"]
[BlackFideId "24132900"]
[EventDate "2014.09.17"]

1. e4 c5 2. Nf3 d6 3. Bb5+ Nd7 4. O-O Nf6 5. e5 dxe5 6. Nxe5 Qb6 7. Qe2 e6 8.
Nc3 Be7 9. d3 O-O 10. Re1 Rd8 11. Bc4 a6 12. Rb1 Nxe5 13. Qxe5 Bd6 14. Qe2 Qc7
15. h3 b5 16. Bb3 Bb7 17. Bg5 Qc6 18. f3 Rac8 19. a3 Bb8 20. Bxf6 gxf6 21. Rf1
c4 22. dxc4 bxc4 23. Ba2 Qd6 24. f4 Kh8 25. Rbd1 Qb6+ 26. Kh2 Qxb2 27. Rxd8+
Rxd8 28. Rb1 Qxc3 29. Rxb7 Bxf4+ 30. Kg1 Rd2 31. Qf3 Qd4+ 32. Kf1 Rd1+ 0-1

[Event "Tseshkovsky Mem 2014"]
[Site "Sochi RUS"]
[Date "2014.09.21"]
[Round "5.48"]
[White "Ermolov, Vasily"]
[Black "Pozdniakov, Maksim"]
[Result "1/2-1/2"]
[WhiteElo "1952"]
[BlackElo "1610"]
[WhiteFideId "4150830"]
[BlackFideId "24196371"]
[EventDate "2014.09.17"]

1. e4 e5 2. Nf3 d6 3. d4 exd4 4. Nxd4 Be7 5. Nc3 Nf6 6. Be2 O-O 7. O-O Nbd7 8.
Nf5 Re8 9. Nxe7+ Qxe7 10. Bg5 h6 11. Nd5 Qd8 12. Bxf6 Nxf6 13. f3 Nxd5 14. Qxd5
c6 15. Qd4 d5 16. Bd3 dxe4 17. Qxd8 Rxd8 18. Bxe4 Be6 19. b3 Rd6 20. Rad1 Rad8
21. Rxd6 Rxd6 22. Bd3 g6 23. Re1 Kf8 24. Kf2 f5 25. g3 Kf7 26. Re3 Kf6 27. f4
Bf7 28. a3 c5 29. Ke2 b6 30. h4 Re6 31. Kd2 Rxe3 32. Kxe3 g5 33. b4 cxb4 34.
axb4 gxh4 35. gxh4 Be8 36. Kd4 Ke6 37. c3 Bd7 38. Ba6 Kd6 39. c4 Bc6 40. c5+
bxc5+ 41. bxc5+ Ke6 42. Kc4 Kd7 43. Kb4 Be4 44. Bb5+ Bc6 45. Bd3 Be4 46. Bc4 Kc6
47. Bb5+ Kd5 48. Bd7 Bd3 49. Kc3 Be4 50. c6 Kd6 51. Kd4 a5 52. Kc3 Bxc6 53. Bxf5
Bd7 54. Be4 Ke6 55. Kd4 a4 56. Kc3 Kf6 57. Kb4 Bf5 58. Bf3 Bc2 59. Bg4 Ke7 60.
Bf3 Ke6 61. Bg4+ Kd5 62. Bd7 Ke4 63. f5 Ke5 64. Ka3 Bxf5 65. Bxa4 Kf4 66. Kb2
Kg4 67. Kc3 Kxh4 68. Kd2 1/2-1/2

[Event "Tseshkovsky Mem 2014"]
[Site "Sochi RUS"]
[Date "2014.09.21"]
[Round "5.49"]
[White "Khristenko, Anna"]
[Black "Markosian, Sergey"]
[Result "1-0"]
[WhiteElo "1605"]
[BlackElo "1877"]
[WhiteFideId "24173886"]
[BlackFideId "24100790"]
[EventDate "2014.09.17"]

1. d4 g6 2. e3 Bg7 3. Bd3 Nf6 4. f4 d5 5. Nf3 Nbd7 6. O-O c5 7. c3 O-O 8. Nbd2
c4 9. Bc2 Ng4 10. Qe2 f5 11. Ng5 Ndf6 12. h3 Nh6 13. b3 cxb3 14. Bxb3 Ne4 15.
Ndxe4 fxe4 16. Nxe4 Kh8 17. Ng3 a5 18. a4 b6 19. Bc2 Bb7 20. Bd3 Rc8 21. Bd2 Nf7
22. f5 Qd6 23. Be1 e5 24. fxe6 Qxe6 25. e4 dxe4 26. Bxe4 Bxe4 27. Qxe4 Qd6 28.
Rd1 Rce8 29. Qd3 Qc6 30. Rb1 Nd6 31. Rxf8+ Rxf8 32. Bf2 Nc4 33. Ra1 Qd5 34. Qe4
Qf7 35. Qe2 Bh6 36. Rd1 Re8 37. Qa2 Qc7 38. d5 Ne3 39. d6 Qc6 40. Bxe3 Bxe3+ 41.
Kh1 Qxc3 42. d7 Rd8 43. Qe6 Bg5 44. Ne4 Qc2 45. Qe5+ Kg8 46. Qd5+ Kg7 47. Nxg5
Rxd7 48. Qxd7+ Kh6 49. Nf3 Qb3 50. Qd2+ Kg7 51. Qd4+ Kf8 52. Qf6+ 1-0

[Event "Tseshkovsky Mem 2014"]
[Site "Sochi RUS"]
[Date "2014.09.21"]
[Round "5.50"]
[White "Tsvetkov, Vladimir"]
[Black "Vorushilo, Alena"]
[Result "1-0"]
[WhiteElo "1862"]
[BlackElo "1592"]
[WhiteFideId "34149624"]
[BlackFideId "34132284"]
[EventDate "2014.09.17"]

1. e4 c5 2. f4 Nc6 3. Nf3 e6 4. c3 d5 5. e5 Nge7 6. d4 cxd4 7. cxd4 Nf5 8. Bb5
Qb6 9. Nc3 Bb4 10. Bxc6+ bxc6 11. g4 Nh6 12. h3 Ba6 13. Kf2 Rc8 14. Be3 O-O 15.
f5 f6 16. exf6 exf5 17. fxg7 Kxg7 18. Qd2 Ng8 19. Bf4 Nf6 20. Be5 Kg8 21. Qg5+
Kf7 22. Qxf6+ Ke8 23. Qe6+ Be7 24. gxf5 Qxb2+ 25. Kg3 Qxc3 26. f6 Rf7 27. Bd6
Rc7 28. Rac1 Qxf3+ 29. Kxf3 Rxf6+ 30. Qxf6 Bxf6 31. Bxc7 Bxd4 32. Rxc6 Bc4 33.
Rd6 Bxa2 34. Re1+ Kf8 35. Rd7 Bc5 36. Bd6+ Bxd6 37. Rxd6 1-0

[Event "Tseshkovsky Mem 2014"]
[Site "Sochi RUS"]
[Date "2014.09.22"]
[Round "6.1"]
[White "Jobava, Baadur"]
[Black "Volkov, Sergey"]
[Result "1-0"]
[WhiteTitle "GM"]
[BlackTitle "GM"]
[WhiteElo "2708"]
[BlackElo "2583"]
[WhiteFideId "13601520"]
[BlackFideId "4122763"]
[EventDate "2014.09.17"]

1. b3 d5 2. Bb2 Nf6 3. e3 Bg4 4. f3 Bd7 5. d4 c5 6. Nc3 Nc6 7. Qd2 e6 8. Nge2
Rc8 9. g4 h6 10. Bg2 a6 11. O-O b5 12. a3 Qb6 13. Kh1 Be7 14. h3 Rd8 15. f4 Bc8
16. Rad1 Bb7 17. Ng3 Qc7 18. dxc5 Bxc5 19. Nce2 Qe7 20. b4 Bb6 21. Bxf6 gxf6 22.
Nh5 d4 23. e4 a5 24. Qd3 axb4 25. axb4 Bc7 26. e5 Qxb4 27. Rb1 Qa4 28. Qxb5 Qxb5
29. Rxb5 Ba8 30. Rc5 Bb6 31. Rxc6 Bxc6 32. Bxc6+ Ke7 33. exf6+ Kd6 34. Be4 Rb8
35. Bd3 Rhc8 36. Kg2 Rc5 37. Nhg3 Ra5 38. h4 Kc7 39. Kf3 Rba8 40. Ne4 Ra1 41.
Rxa1 Rxa1 42. N2g3 Ba5 43. g5 hxg5 44. fxg5 Be1 45. h5 Ra8 46. g6 1-0

[Event "Tseshkovsky Mem 2014"]
[Site "Sochi RUS"]
[Date "2014.09.22"]
[Round "6.2"]
[White "Bukavshin, Ivan"]
[Black "Rozhko, Dmitry"]
[Result "1-0"]
[WhiteTitle "GM"]
[BlackTitle "FM"]
[WhiteElo "2613"]
[BlackElo "2337"]
[WhiteFideId "4199758"]
[BlackFideId "4150430"]
[EventDate "2014.09.17"]

1. d4 d5 2. c4 c6 3. Nc3 Nf6 4. Nf3 dxc4 5. a4 Bf5 6. Ne5 Nbd7 7. Nxc4 Nb6 8.
Ne5 a5 9. e3 h6 10. Bd3 Bxd3 11. Qxd3 e6 12. e4 Nbd7 13. Nxd7 Qxd7 14. O-O e5
15. d5 Bc5 16. Qg3 Bd4 17. Qxg7 Ke7 18. Qg3 Rag8 19. dxc6 bxc6 20. Qf3 Rg4 21.
Ne2 Rhg8 22. Ng3 Qe6 23. Be3 c5 24. Rac1 h5 25. Bxd4 exd4 26. Rxc5 h4 27. e5 Ne8
28. Nf5+ Kf8 29. g3 R8g5 30. h3 1-0

[Event "Tseshkovsky Mem 2014"]
[Site "Sochi RUS"]
[Date "2014.09.22"]
[Round "6.3"]
[White "Korneev, Oleg"]
[Black "Burmakin, Vladimir"]
[Result "1-0"]
[WhiteTitle "GM"]
[BlackTitle "GM"]
[WhiteElo "2581"]
[BlackElo "2584"]
[WhiteFideId "4156803"]
[BlackFideId "4105109"]
[EventDate "2014.09.17"]

1. e4 c6 2. c4 g6 3. Nc3 Bg7 4. d4 d6 5. h3 Nf6 6. Nf3 O-O 7. Bg5 a6 8. a4 a5 9.
Be2 Na6 10. O-O c5 11. d5 h6 12. Bf4 Nd7 13. Qd2 Kh7 14. Bh2 Nb4 15. Rad1 b6 16.
Kh1 Ba6 17. b3 Qc7 18. Rfe1 Rad8 19. Bf1 Rfe8 20. Qc1 Qb8 21. Bg3 Ne5 22. Nh2
Nd7 23. f4 Nf8 24. Ng4 Bc8 25. Be2 e5 26. f5 h5 27. Ne3 Bh6 28. Bh4 gxf5 29.
exf5 Bxf5 30. Bxh5 Bg6 31. Bxg6+ Nxg6 32. Qb1 Kg8 33. Ng4 Nxh4 34. Nxh6+ Kg7 35.
Nxf7 Rd7 36. Ng5 Rh8 37. Rf1 Ng6 38. Ne6+ Kh7 39. Ne4 Re7 40. Nf6+ Kh6 41. Qf5 1-0

[Event "Tseshkovsky Mem 2014"]
[Site "Sochi RUS"]
[Date "2014.09.22"]
[Round "6.5"]
[White "Rakhmanov, Aleksandr"]
[Black "Lugovskoy, Maxim"]
[Result "1-0"]
[WhiteTitle "GM"]
[BlackTitle "IM"]
[WhiteElo "2626"]
[BlackElo "2390"]
[WhiteFideId "4173708"]
[BlackFideId "24126454"]
[EventDate "2014.09.17"]

1. e4 e6 2. d4 d5 3. exd5 exd5 4. c4 Nf6 5. Nc3 Bb4 6. Bd3 O-O 7. Ne2 dxc4 8.
Bxc4 Nbd7 9. Bg5 Nb6 10. Bb3 Be7 11. O-O Nfd5 12. Bxe7 Nxe7 13. Nf4 Bf5 14. Re1
Ng6 15. Nxg6 Bxg6 16. Qf3 Qxd4 17. Qxb7 c5 18. Rad1 Qf6 19. Qa6 Rab8 20. Qe2 c4
21. Bc2 Bxc2 22. Qxc2 Rfe8 23. Re4 h6 24. h3 Rbd8 25. Rde1 Rxe4 26. Qxe4 Qd4 27.
Qf3 Qd6 28. Qb7 Qd7 29. Qxd7 Rxd7 30. Re8+ Kh7 31. Re5 a6 32. Kf1 Rd2 33. Re2
Rd7 34. Ke1 Nd5 35. Nxd5 Rxd5 36. Rc2 Rd4 37. Rd2 Re4+ 38. Kd1 Re5 39. Kc2 Ra5
40. a3 Rg5 41. f3 Rc5 42. Kc3 f5 43. Rc2 Kg6 44. Kd4 Rc6 45. Rxc4 Rd6+ 46. Kc3
Kg5 47. b4 Re6 48. Kd3 Re1 49. a4 Rb1 50. Kc3 f4 51. Rd4 Rc1+ 52. Kb2 Rc6 53. b5
axb5 54. axb5 Rb6 55. Rb4 h5 56. Kc3 Kh4 57. Rxf4+ Kg3 58. Rf5 g6 59. Rg5+ Kh4
60. Rc5 Kg3 61. Kc4 Kxg2 62. Rc6 Rb8 63. Rxg6+ Kxh3 64. b6 h4 65. Kc5 Kh2 66.
Kc6 h3 67. b7 Rf8 68. f4 Kh1 69. f5 Rh8 70. Rd6 Kg2 71. Kc7 h2 72. Rd2+ Kg3 73.
Rxh2 1-0

[Event "Tseshkovsky Mem 2014"]
[Site "Sochi RUS"]
[Date "2014.09.22"]
[Round "6.9"]
[White "Brodsky, Michail"]
[Black "Zakarian, David"]
[Result "1-0"]
[WhiteTitle "GM"]
[BlackTitle "FM"]
[WhiteElo "2566"]
[BlackElo "2400"]
[WhiteFideId "14100932"]
[BlackFideId "13301276"]
[EventDate "2014.09.17"]

1. d4 Nf6 2. c4 e6 3. Nc3 b6 4. Qc2 Bb4 5. e4 Bxc3+ 6. bxc3 d6 7. f4 Bb7 8. Bd3
c5 9. Nf3 Nc6 10. O-O Qc7 11. d5 exd5 12. cxd5 Ne7 13. c4 O-O-O 14. e5 Nfxd5 15.
cxd5 Nxd5 16. Bd2 h6 17. Rae1 dxe5 18. fxe5 g5 19. Bf5+ Kb8 20. e6 fxe6 21. Bxe6
Rhe8 22. Bc3 Ka8 23. Bxd5 Bxd5 24. Ne5 Rd6 25. Ng4 Rxe1 26. Rxe1 Qf7 27. Qd3 Qf4
28. Re8+ Kb7 29. Re7+ Kc8 30. Qa6+ Kd8 31. Qxa7 Bb7 32. Qxb7 Rd1+ 33. Be1 Qd4+
34. Nf2 Qd6 35. Nxd1 1-0

[Event "Tseshkovsky Mem 2014"]
[Site "Sochi RUS"]
[Date "2014.09.22"]
[Round "6.10"]
[White "Ivanov, Mikhail M"]
[Black "Mozharov, Mikhail"]
[Result "0-1"]
[WhiteTitle "GM"]
[BlackTitle "GM"]
[WhiteElo "2366"]
[BlackElo "2555"]
[WhiteFideId "4114906"]
[BlackFideId "4189825"]
[EventDate "2014.09.17"]

1. Nf3 c5 2. c4 Nc6 3. d4 cxd4 4. Nxd4 Nf6 5. Nc3 e6 6. Bg5 Be7 7. e3 Qa5 8. Bh4
Ne4 9. Bxe7 Nxc3 10. Nxc6 bxc6 11. Qd6 Nd5+ 12. b4 Qa3 13. cxd5 Qc3+ 14. Ke2
Qxa1 15. dxc6 Qxa2+ 16. Ke1 Qb1+ 17. Kd2 Qb2+ 18. Kd3 Qb3+ 19. Kd4 Qd5+ 20. Qxd5
exd5 21. cxd7+ Kxe7 22. dxc8=Q Rhxc8 23. Bd3 a5 24. b5 a4 25. b6 Rab8 26. Rb1 a3
27. g3 Kd6 28. Rb5 a2 29. Rxd5+ Ke7 30. Ra5 Ra8 31. Ba6 Rc2 32. b7 Rd8+ 33. Ke4
Rxf2 34. Bc4 Rb8 35. Bd5 Rxh2 36. Ra8 Rb2 0-1

[Event "Tseshkovsky Mem 2014"]
[Site "Sochi RUS"]
[Date "2014.09.22"]
[Round "6.11"]
[White "Vastrukhin, Oleg"]
[Black "Panarin, Mikhail"]
[Result "1/2-1/2"]
[BlackTitle "GM"]
[WhiteElo "2383"]
[BlackElo "2555"]
[WhiteFideId "4192770"]
[BlackFideId "4153251"]
[EventDate "2014.09.17"]

1. Nf3 c5 2. g3 g6 3. Bg2 Bg7 4. O-O Nc6 5. c4 d6 6. Nc3 Nf6 7. d3 Bd7 8. a3 Qc8
9. Rb1 Bh3 10. b4 b6 11. e4 Bxg2 12. Kxg2 Nd7 13. Nd5 e6 14. Ne3 O-O 15. Bb2 e5
16. Nd5 Nf6 17. b5 Nxd5 18. cxd5 Na5 19. Bc3 Nb7 20. Nd2 f5 1/2-1/2